000 00292nam a22001337a 4500
008 170216b xxu||||| |||| 00| 0 eng d
020 _a9780827367807
041 _aeng
080 _25TH
_a615
100 _a5
101 _aSHF
245 _aDOSAGE CALCULATIONS
_cPICKAR, G.D
942 _2udc
_cBK
999 _c5755
_d5755